Công nghệ sinh học Dùng cho sinh viên đại học, cao đẳng thuộc các chuyên ngành Sư phạm, Nông nghiệp, Lâm nghiệp, Thuỷ sản, Công nghệ Sinh học, giáo viên Sinh học THPT T.4 Công nghệ di truyền

Khái niệm về công nghệ sinh học và công nghệ di truyền. Các kĩ thuật chủ yếu về công nghệ di truyền trong phân tích axit nucleic. Hướng dẫn phương pháp tách chiết ADN và ARN và phương pháp phân tích ADN. Giới thiệu công nghệ di truyền động vật, công nghệ di truyền thực vật và công nghệ di truyền đối...

Disgrifiad llawn

Wedi'i Gadw mewn:
Manylion Llyfryddiaeth
Prif Awdur: Trịnh Đình Đạt
Fformat: Llyfr
Iaith:Vietnamese
Cyhoeddwyd: H. Giáo dục 2010
Rhifyn:Tái bản lần thứ 4
Pynciau:
Tagiau: Ychwanegu Tag
Dim Tagiau, Byddwch y cyntaf i dagio'r cofnod hwn!
Thư viện lưu trữ: Mạng thư viện Đại học Đà Nẵng
LEADER 01889aam a22003738a 4500
001 000016453
003 12855
005 20121102141149.0
008 121102s2010 viesd
020 |c 30000đ  |d 1000b 
041 0 |a vie 
082 1 4 |2 14  |a 660.6  |b TR-Đ 
100 1 |a Trịnh Đình Đạt 
245 1 0 |a Công nghệ sinh học  |b Dùng cho sinh viên đại học, cao đẳng thuộc các chuyên ngành Sư phạm, Nông nghiệp, Lâm nghiệp, Thuỷ sản, Công nghệ Sinh học, giáo viên Sinh học THPT  |c Trịnh Đình Đạt  |n T.4  |p Công nghệ di truyền 
250 |a Tái bản lần thứ 4 
260 |a H.  |b Giáo dục  |c 2010 
300 |a 171tr.  |b hình vẽ, bảng  |c 27cm 
504 |a Thư mục: tr. 171 
520 |a Khái niệm về công nghệ sinh học và công nghệ di truyền. Các kĩ thuật chủ yếu về công nghệ di truyền trong phân tích axit nucleic. Hướng dẫn phương pháp tách chiết ADN và ARN và phương pháp phân tích ADN. Giới thiệu công nghệ di truyền động vật, công nghệ di truyền thực vật và công nghệ di truyền đối với con người 
650 7 |2 Bộ TK TVQG  |a Công nghệ sinh học 
650 7 |2 Bộ TK TVQG  |a Di truyền 
655 7 |2 Bộ TK TVQG  |a Giáo trình 
773 |d H.  |d 2010  |d Giáo dục  |t Công nghệ sinh học  |w 441870 
773 |d Giáo dục  |d H.  |t Công nghệ sinh học  |w 12853 
OWN |a LSP 
AVA |a UDN50  |b LSP  |d 660.6 TR-Đ  |e available  |t Error 5001 Not defined in file expand_doc_bib_avail.  |f 10  |g 0  |h N  |i 0  |k 1 
999 |a From the UDN01 
AVA |a UDN50  |b LSP  |d 660.6 TR-Đ  |e available  |t Error 5001 Not defined in file expand_doc_bib_avail.  |f 10  |g 0  |h N  |i 0  |k 1 
TYP |a Monograph 
TYP |a Printed language 
980 |a Mạng thư viện Đại học Đà Nẵng